Blueprint reading at work : (Record no. 544614)
[ view plain ]
| 000 -LEADER | |
|---|---|
| fixed length control field | 00829cam a2200169u 4500 |
| 082 ## - DEWEY DECIMAL CLASSIFICATION NUMBER | |
| Classification number | 604.2 |
| Author Mark | ROG |
| -- | L-14, P-1 |
| 100 1# - MAIN ENTRY--PERSONAL NAME | |
| Personal name | Rogers, William W., |
| 9 (RLIN) | 40290 |
| 245 10 - TITLE STATEMENT | |
| Title | Blueprint reading at work : |
| Remainder of title | a text to assist workers in metal trades to understand blueprints and increase their trade knowledge / |
| Statement of responsibility, etc. | by William W. Rogers and Paul L. Welton. |
| 260 ## - PUBLICATION, DISTRIBUTION, ETC. | |
| Place of publication, distribution, etc. | New York, |
| -- | Chicago [etc.] |
| Name of publisher, distributor, etc. | Silver Burdett company |
| Date of publication, distribution, etc. | [1942] |
| 300 ## - PHYSICAL DESCRIPTION | |
| Extent | viii, 136 p. |
| Other physical details | illus., diagrs. |
| Dimensions | 28 x 22 cm. |
| 500 ## - GENERAL NOTE | |
| General note | Supplemented by: "Answer book" (cover-title, 29 p. ; 23 cm.) published: [New York, Chicago, etc.] : Silver Burdett company, [1943] Call number: T379.R6 Answers |
| 526 ## - STUDY PROGRAM INFORMATION NOTE | |
| Program name | 0 |
| Interest level | 0 |
| Reading level | 0 |
| Title point value | 604_200000000000000_ROG |
| 650 #0 - SUBJECT ADDED ENTRY--TOPICAL TERM | |
| Topical term or geographic name entry element | Blueprints. |
| 9 (RLIN) | 37725 |
| 650 #0 - SUBJECT ADDED ENTRY--TOPICAL TERM | |
| Topical term or geographic name entry element | MCE |
| 9 (RLIN) | 379 |
| 700 1# - ADDED ENTRY--PERSONAL NAME | |
| Personal name | Welton, Paul L., [from old catalog] |
| 9 (RLIN) | 40291 |
| 942 ## - ADDED ENTRY ELEMENTS (KOHA) | |
| Source of classification or shelving scheme | |
| Koha item type | Book |
| Withdrawn status | Lost status | Source of classification or shelving scheme | Damaged status | Not for loan | Permanent Location | Current Location | Date acquired | Total Checkouts | Full call number | Barcode | Date last seen | Date last checked out | Price effective from | Koha item type |
|---|---|---|---|---|---|---|---|---|---|---|---|---|---|---|
| Military College of Engineering (MCE) | Military College of Engineering (MCE) | 05/08/2014 | 1 | 604.2 ROG | MCE-366 | 05/09/2014 | 05/09/2014 | 05/08/2014 | Book |
